000 00508nam a2200181Ia 4500
003 GCL
008 140319s9999 xx 000 0 eng d
040 _aGCL /
_cGCL
082 0 4 _a953.32
_bA T
100 1 _aTUCHSCHERE, MICHEL
245 1 0 _aIMAMS, NOTABLES ER BEDOUINS DU YEMEN AU XVIII SIECLE /
_cTUCHSCHERE, MICHEL
260 _a[S.N] :
_bINSTITUT FRANCAIS D'ARCHEOLOGIE ORIENTAL ،
_c1992
300 _a225 P
650 0 4 _aHISTORY
650 0 4 _aYEMEN
650 0 4 _aYEMEN - HISTORY
942 _2ddc
_cBK
999 _c15440
_d15440